Quỷ sứ cũng phải dè chừng Devil May Care: Viết theo phong cách Ian Fleming
Một tác phẩm về James Bond; Dịch từ nguyên bản tiếng Anh
Gardado en:
| Autor Principal: | |
|---|---|
| Outros autores: | |
| Formato: | Libro |
| Idioma: | Undetermined |
| Publicado: |
H.
Văn học
2010
|
| Những chủ đề: | |
| Acceso en liña: | http://lrc.tdmu.edu.vn/opac/search/detail.asp?aID=2&ID=15005 |
| Các nhãn: |
Engadir etiqueta
Sen Etiquetas, Sexa o primeiro en etiquetar este rexistro!
|
| Thư viện lưu trữ: | Trung tâm Học liệu Trường Đại học Thủ Dầu Một |
|---|
| LEADER | 00854nam a2200229Ia 4500 | ||
|---|---|---|---|
| 001 | TDMU_15005 | ||
| 008 | 210410s9999 xx 000 0 und d | ||
| 082 | |a 823 | ||
| 090 | |b F111 | ||
| 100 | |a Faulks, Sebastian | ||
| 245 | 0 | |a Quỷ sứ cũng phải dè chừng | |
| 245 | 0 | |b Devil May Care: Viết theo phong cách Ian Fleming | |
| 245 | 0 | |c Sebastian Faulks; Nguyễn Việt Hải dịch | |
| 260 | |a H. | ||
| 260 | |b Văn học | ||
| 260 | |c 2010 | ||
| 300 | |a 381tr. | ||
| 520 | |a Một tác phẩm về James Bond; Dịch từ nguyên bản tiếng Anh | ||
| 650 | |a Văn học Anh |x Tiểu thuyết; Tiểu thuyết Anh | ||
| 700 | |a Nguyễn, Việt Hải | ||
| 856 | |u http://lrc.tdmu.edu.vn/opac/search/detail.asp?aID=2&ID=15005 | ||
| 980 | |a Trung tâm Học liệu Trường Đại học Thủ Dầu Một | ||